| 000 | 00362nam a22001337a 4500 | ||
|---|---|---|---|
| 082 |
_a516.24 _bLAL _cL-tech, P-20 |
||
| 100 |
_aBansi Lal _939392 |
||
| 245 |
_aNew Intermediate Plane Trigonometry _cLal, Bansi |
||
| 250 | _a2nd ed | ||
| 260 |
_aDelhi _bAtma Ram & Sons _c1945 |
||
| 526 |
_a0 _b0 _c0 _d516_240000000000000_LAL |
||
| 650 |
_aMCE _9379 |
||
| 942 |
_2ddc _cBK |
||
| 999 |
_c543890 _d543890 |
||